| 000 | 01278nam a2200241Ia 4500 | ||
|---|---|---|---|
| 999 |
_c37788 _d37788 |
||
| 001 | 3765 | ||
| 003 | GE_BSU | ||
| 005 | 20190812172852.0 | ||
| 008 | 181216s1983||||ge |||||||||||||| ||geo|| | ||
| 040 | _cGE_BSU | ||
| 041 | _ageo | ||
| 080 | _a016:622 წ–87 | ||
| 245 |
_aგრიგოლ წულუკიძე (1889–1950) : _bბიობიბლიოგრაფია / _cსაქ. სსრ მეცნ. აკად., ცენტრ. სამეცნ. ბიბ-კა ; [შემდგ.: გ. მგელაძე, ი. მელიქიძე ; რედ.: ა. ძიძიგური, ს. ხადური. |
||
| 264 |
_aთბილისი : _bმეცნიერება, _c1983. |
||
| 300 |
_a88 გვ. ; _b21 სმ. |
||
| 440 |
_aქართველი მეცნიერები _93525 |
||
| 600 |
_aწულუკიძე გრიგოლ _93526 |
||
| 653 | _aსამთო საქმე - ბიბლიოგრაფია | ||
| 653 | _aწულუკიძე გრიგოლ-ბიობიბლიოგრაფია | ||
| 700 |
_aძიძიგური, ა. _eრედაქტორი _93527 |
||
| 700 |
_aძიძიგური, ა. _eრედაქტორი _93528 |
||
| 942 |
_cBK _2udc |
||